000 01879cab a2200265 ab4500
005 20240530063709.0
008 991125c2014 mx tr p o 000 0 spa d
035 _aUPN01000201763
040 _aMX-MxUPN
_bspa
_cMX-MxUPN
_eaacr2
049 _aART-E
100 1 _aArriarán, Samuel
_6- sameli@prodigy.net.mx
_931532
245 1 0 _aFilosofía y praxis educativa según Adolfo Sánchez Vázquez
_h[recurso electrónico en línea]
506 0 _aAcceso abierto
520 3 _aEn este artículo se intenta comprender la concepción pedagógica de Adolfo Sánchez Vázquez sobre todo como filosofía y praxis de la educación. Primero se revisa el origen de su concepto de praxis educativa, concepto que deriva de Marx. Luego se ejemplifica la aplicación de este concepto en algunos procesos sociales como el movimiento estudiantil y la reforma de la educación superior en México. También se explica el modo en que Sánchez Vázquez realizaba sus cursos y seminarios transmitiendo su teoría pedagógica directamente en la investigación y en la práctica docente en el aula. Finalmente para comprender la teoría pedagógica de este autor que no se reduce al lenguaje del aula sino que abarca diversas situaciones históricas de aprendizaje como la relación general entre gobernantes y gobernados, se hace una descripción de la visión de Sánchez Vázquez de la guerra, la posguerra y el exilio en México.
650 2 _aMovimientos estudiantiles
_924999
650 4 _aEducación superior
_932
653 0 _aTEORIA PEDAGOGICA
653 0 _aFILOSOFIA DE LA EDUCACION
653 0 _aMARXISMO
773 _gVol. 5, no. 13 (2014), p. 143-156
_tRIES : revista iberoamericana de educación superior
_x2007-2872
856 4 _uhttps://www.ries.universia.unam.mx/index.php/ries/article/view/125
905 _aArticulo
942 _cART-E
999 _c173864
_d173864